000 00776nam a2200229 a 4500
001 BRCA_2607
005 20190320203903.0
008 281108s1926----nyua---###---#000-0#eng-u
050 4 _aNE2135
_b.P46 1941
100 1 _aPennell, Joseph
_d1860-1926
_97438
245 1 0 _aEtchers and etching
_bchapters in the history of the art, together with technical explanations of modern artistic methods
_cby Joseph Pennell.
250 _a4
260 _aNew York
_bMcMillan
_c1941
300 _a343 p.
_bil.
_c25 cm.
440 0 _aThe graphic arts series for artists, students, amateurs and collectors
_n2
_97439
500 _aIncluye índice analítico.
500 _aA72
650 1 4 _aAguafuertistas
_97440
650 1 4 _aGrabado al aguafuerte
_97441
902 _aGFM
942 _2lcc
_cB
999 _c2347
_d2347